00990nam a2200301 a 450000100060000000300080000600500170001400800410003103500190007204000230009104100080011408200240012210000330014624500690017926000420024830000170029049000520030750500190035965000270037865000570040565000210046265000250048365000250050865000300053365000190056365100540058283000520063682709BD-RjUL20240122104137.0240122s1866 gw 000 1 eng d a(BD-RjUL)82709 aNNLcTXHdOCLbeng aeng 223a823.8bDIP 19661 aDickens, Charles,d1812-187014aThe personal history of David Copperfield /cby Charles Dickens. aLondon :bChapman and Hall, c[1866?] a2v ;c22 cm. aLibrary edition of the works of Charles Dickens01aVol.1--Vol.2-- 4aBoyszEnglandvFiction 4aEngland Social life and customs 19th century Fiction 4aOrphansvFiction 4aStepfathersvFiction 4aChild laborvFiction 4aAuthors, EnglishvFiction 4aBildungsromans 4aEnglandxSocial conditionsy19th centuryvFiction aLibrary edition of the works of Charles Dickens